00900nam a2200253 a 450000100060000000300080000600500170001400800410003102000150007203500190008704000320010604100080013808200220014610000260016824500980019426000310029230000370032350400390036065000220039970000460042194200120046799900170047995201500049669789BD-RjUL20211209081927.0170413s1976 nyua b 001 0 eng d a0471611921 a(BD-RjUL)70001 aDLCcDLCdDLCdBD-RjULbeng aeng00a515223bMIC 19761 aMizrahi, Abe.920671410aCalculus with applications to business and life sciences /cAbe Mizrahi and Michael Sullivan. aNew York :bWiley,cc1976. axiii, 410, 4 p. :bill ;c26 cm. aIncludes bibliographies and index. 0aCalculus.92067151 aSullivan, Michael,ejoint author.9206716 2ddccBK c69789d69789 00102ddc40718NFICaRUCLbRUCLcReadingd2021-12-09eUSA, the Asia foundationg0.00l0o515 MIC 1976r2017-04-13 00:00:00tC-1w2017-04-13yBK